Quizzes
Events
Quiz Creation
Community
Videos
Private Events
Remove Ads
Sign In
Join for FREE
Feedback
Dark Mode
Quiz Categories
Sports
Geography
Music
Movies
Television
Just For Fun
Miscellaneous
History
Literature
Language
Science
Gaming
Entertainment
Religion
Holiday
For Kids
Quiz Lab
Recent
Popular Today
Quiz Kudos Today
Editor Picks
Curator Picks
Quizzes by...
Day
Popularity
Type
Ratings
Length
Year
Community
Subscriptions
Recent Discussions
Orange Saloon
Badges
Playlists
Quests
Create
Leaderboards
Showdown
Live 5
Trivia Bingo
Activity
Puzzle Library
Sporcle Events
Private Events
Virtual Trivia
Globe League
Become a Host
Pub Owners
SporcleCon
Opinionation
Our Games
Videos
Blog
Mobile Apps
Partnerships
Remove Ads and Go Orange
Feedback
Gaming
Video Games
Board Games
Card Games
Pokémon
Mario
Nintendo
Minecraft
Console
Toys
Legend of Zelda
Gaming
Video Games
Board Games
Card Games
Pokémon
Mario
Nintendo
Minecraft
Console
Toys
Legend of Zelda
Random Quiz
Search Sporcle
×
Quiz Lab
Quiz Lab
Gaming
Video Games
Type in answers that appear in a list
Type in answers that appear in a list
Classic
Best Score? Go Orange.
Can you recognize every skin in League of Legends? 1 Stats
Can you recognize every skin for every champion in League of Legends?? -To be exact, every single available skin in League of Legends? Part 1 - A~M
By
themoltenbanana
20m
297 Questions
143 Plays
143 Plays
143 Plays
Comments
Comments
Give Quiz Kudos
Give Quiz Kudos
-
- Ratings
hide this ad
Replay
Link that replays current quiz
Next Quiz
Link to next quiz in quiz playlist
You Got
0%
They Got
Avg Score
22%
Avg Friend Score
Upgrade to see
Score Distribution
Jump to the score distribution portion of the page
Score
0/297
Timer
20:00
0
Plays Today
Champion
Skin Name
% Correct
Aatrox
Mecha Aatrox
68.5%
Ahri
Popstar Ahri
67.8%
Ahri
Star Guardian Ahri
67.8%
Ahri
Foxfire Ahri
63.6%
Ahri
Arcade Ahri
62.2%
Aatrox
Justicar Aatrox
60.1%
Ahri
Academy Ahri
59.4%
Akali
Nurse Akali
51%
Aatrox
Sea Hunter Aatrox
49%
Ahri
Midnight Ahri
49%
Ashe
PROJECT: Ashe
49%
Ekko
PROJECT: Ekko
48.3%
Bard
Bard Bard
46.2%
Ahri
Dynasty Ahri
45.5%
Akali
Blood Moon Akali
45.5%
Akali
Headhunter Akali
45.5%
Amumu
Emumu
44.1%
Annie
Hextech Annie
44.1%
Fiora
PROJECT: Fiora
44.1%
Blitzcrank
iBlitzcrank
43.4%
Annie
Reverse Annie
42%
Ezreal
Pulsefire Ezreal
41.3%
Alistar
Moo Cow Alistar
40.6%
Amumu
Surprise Party Amumu
40.6%
Bard
Snow Day Bard
39.9%
Camille
Program Camille
39.9%
Ekko
Academy Ekko
39.9%
Ezreal
Star Guardian Ezreal
39.9%
Alistar
Golden Alistar
39.2%
Darius
Dunkmaster Darius
39.2%
Diana
Blood Moon Diana
39.2%
Ezreal
Arcade Ezreal
39.2%
Lux
Star Guardian Lux
39.2%
Cho'Gath
Gentleman Cho'Gath
38.5%
Evelynn
Tango Evelynn
38.5%
Jinx
Star Guardian Jinx
38.5%
Akali
Silverfang Akali
37.8%
Annie
Panda Annie
37.8%
Lulu
Star Guardian Lulu
37.1%
Ashe
Woad Ashe
36.4%
Bard
Elderwood Bard
36.4%
Fizz
Fisherman Fizz
36.4%
Jhin
PROJECT: Jhin
36.4%
Fiora
Pool Party Fiora
35.7%
Annie
Super Galaxy Annie
34.3%
Azir
Galactic Azir
34.3%
Ekko
Sandstorm Ekko
34.3%
Fizz
Void Fizz
34.3%
Jhin
Blood Moon Jhin
34.3%
Akali
Sashimi Akali
33.6%
Anivia
Blackfrost Anivia
33.6%
Braum
Dragonslayer Braum
33.6%
Caitlyn
Headhunter Caitlyn
33.6%
Corki
Arcade Corki
33.6%
Darius
Academy Darius
33.6%
Fiddlesticks
Surprise Party Fiddlesticks
33.6%
Janna
Star Guardian Janna
33.6%
Leona
PROJECT: Leona
33.6%
Lucian
PROJECT: Lucian
33.6%
Alistar
Infernal Alistar
32.9%
Amumu
Sad Robot Amumu
32.9%
Caitlyn
Pulsefire Caitlyn
32.9%
Elise
Blood Moon Elise
32.9%
Lux
Elementalist Lux
32.9%
Hecarim
Arcade Hecarim
32.2%
Katarina
PROJECT: Katarina
32.2%
Aurelion Sol
Ashen Lord Aurelion Sol
31.5%
Caitlyn
Officer Caitlyn
31.5%
Draven
Pool Party Draven
31.5%
Galio
Gatekeeper Galio
31.5%
Anivia
Festival Queen Anivia
30.8%
Ashe
Amethyst Ashe
30.8%
Miss Fortune
Star Guardian Miss Fortune
30.8%
Elise
Super Galaxy Elise
30.1%
Draven
Gladiator Draven
29.4%
Ezreal
Debonair Ezreal
29.4%
Fizz
Omega Squad Fizz
29.4%
Kha'Zix
Mecha Kha'Zix
29.4%
Gnar
Gentleman Gnar
28.7%
Alistar
Hextech Alistar
28.6%
Galio
Birdio
28.6%
Evelynn
Blood Moon Evelynn
28.6%
Blitzcrank
Boom Boom Blitzcrank
28%
Evelynn
Shadow Evelynn
28%
Janna
Forecast Janna
28%
Jhin
High Noon Jhin
28%
Anivia
Prehistoric Anivia
27.3%
Azir
Gravelord Azir
27.3%
Graves
Pool Party Graves
27.3%
Annie
Frostfire Annie
26.6%
Blitzcrank
Battle Boss Blitzcrank
26.6%
Cassiopeia
Eternum Cassiopeia
26.6%
Cho'Gath
Prehistoric Cho'Gath
26.6%
Diana
Infernal Diana
26.6%
Dr. Mundo
Corporate Mundo
26.6%
Fizz
Super Galaxy Fizz
26.6%
Galio
Debonair Galio
26.6%
Garen
Commando Garen
26.6%
Ashe
Sherwood Forest Ashe
25.9%
Champion
Skin Name
% Correct
Gangplank
Captain Gangplank
25.9%
Gnar
Dino Gnar
25.9%
Jayce
Debonair Jayce
25.9%
Kog'Maw
Pug'Maw
25.9%
Lee Sin
God Fist Lee Sin
25.9%
Lux
Commando Lux
25.9%
Alistar
Marauder Alistar
25.2%
Evelynn
Safecracker Evelynn
25.2%
Ivern
Candy King Ivern
25.2%
Kalista
Blood Moon Kalista
25.2%
Brand
Battle Boss Brand
24.5%
Darius
Lord Darius
24.5%
Darius
Bioforge Darius
24.5%
Lee Sin
Pool Party Lee Sin
24.5%
Amumu
Little Knight Amumu
23.8%
Ashe
Marauder Ashe
23.8%
Brand
Spirit Fire Brand
23.8%
Dr. Mundo
Pool Party Mundo
23.8%
Draven
Primetime Draven
23.8%
Elise
Death Blossom Elise
23.8%
Irelia
Frostblade Irelia
23.8%
Kindred
Super Galaxy Kindred
23.8%
Lux
Spellthief Lux
23.8%
Master Yi
PROJECT: Yi
23.8%
Miss Fortune
Arcade Miss Fortune
23.8%
Brand
Cryocore Brand
23.1%
Braum
El Tigre Braum
23.1%
Corki
Urfrider Corki
23.1%
Jinx
Mafia Jinx
23.1%
Leona
Pool Party Leona
23.1%
Miss Fortune
Pool Party Miss Fortune
23.1%
Blitzcrank
Lancer Rogue Blitzcrank
22.4%
Cassiopeia
Jade Fang Cassiopeia
22.4%
Darius
Dreadnova Darius
22.4%
Galio
Commando Galio
22.4%
Garen
Steel Legion Garen
22.4%
Kennen
Blood Moon Kennen
22.4%
Blitzcrank
Piltover Customs Blitzcrank
21.7%
Blitzcrank
Lancer Paragon Blitzcrank
21.7%
Cassiopeia
Siren Cassiopeia
21.7%
Draven
Soul Reaver Draven
21.7%
Ezreal
Frosted Ezreal
21.7%
Gangplank
Spooky Gangplank
21.7%
Kha'Zix
Death Blossom Kha'Zix
21.7%
Illaoi
Resistance Illaoi
21.4%
Cho'Gath
Jurassic Cho'Gath
21%
Cho'Gath
Battlecast Prime Cho'Gath
21%
Ezreal
Ace of Spades Ezreal
21%
Fiora
Royal Guard Fiora
21%
Fizz
Cottontail Fizz
21%
Lux
Steel Legion Lux
21%
Fiddlesticks
Risen Fiddlesticks
20.3%
Fizz
Tundra Fizz
20.3%
Gnar
Super Galaxy Gnar
20.3%
Jinx
Firecracker Jinx
20.3%
Caitlyn
Arctic Warfare Caitlyn
19.6%
Darius
Woad King Darius
19.6%
Diana
Lunar Goddess Diana
19.6%
Draven
Beast Hunter Draven
19.6%
Fiora
Nightraven Fiora
19.6%
Gangplank
Sultan Gangplank
19.6%
Gangplank
Dreadnova Gangplank
19.6%
Illaoi
Void Bringer Illaoi
19.6%
Kled
Sir Kled
19.6%
Lissandra
Program Lissandra
19.6%
Braum
Braum Lionheart
18.9%
Fiddlesticks
Bandito Fiddlesticks
18.9%
Jarvan IV
Dragonslayer Jarvan IV
18.9%
Karthus
Pentakill Karthus
18.9%
Lulu
Pool Party Lulu
18.9%
Anivia
Bird of Prey Anivia
18.2%
Brand
Apocalyptic Brand
18.2%
Cassiopeia
Mythic Cassiopeia
18.2%
Fiora
Soaring Sword Fiora
18.2%
Fizz
Atlantean Fizz
18.2%
Karma
Order of the Lotus Karma
18.2%
Lucian
Hired Gun Lucian
18.2%
Diana
Dark Valkyrie Diana
17.5%
Gnar
El León Gnar
17.5%
Gragas
Gragas, Esq
17.5%
Gragas
Oktoberfest Gragas
17.5%
Irelia
Order of the Lotus Irelia
17.5%
Kayle
Pentakill Kayle
17.5%
Lee Sin
Muay Thai Lee Sin
17.5%
Malphite
Mecha Malphite
17.5%
Malzahar
Battle Boss Malzahar
17.5%
Caitlyn
Resistance Caitlyn
16.8%
Cassiopeia
Desperada Cassiopeia
16.8%
Graves
Mafia Graves
16.8%
Hecarim
Elderwood Hecarim
16.8%
Heimerdinger
Hazmat Heimerdinger
16.8%
Janna
Sacred Sword Janna
16.8%
Kha'Zix
Guardian of the Sands Kha'Zix
16.8%
Miss Fortune
Mafia Miss Fortune
16.8%
Fiddlesticks
Spectral Fiddlesticks
16.1%
Galio
Enchanted Galio
16.1%
Gangplank
Minuteman Gangplank
16.1%
Gangplank
Special Forces Gangplank
16.1%
Hecarim
Lancer Zero Hecarim
16.1%
Champion
Skin Name
% Correct
Irelia
Aviator Irelia
16.1%
Jarvan IV
Warring Kingdoms Jarvan IV
16.1%
Jayce
Full Metal Jayce
16.1%
Kha'Zix
Dark Star Kha'Zix
16.1%
Kindred
Shadowfire Kindred
16.1%
LeBlanc
Elderwood LeBlanc
16.1%
Leona
Valkyrie Leona
16.1%
Maokai
Meowkai
16.1%
Mordekaiser
Pentakill Mordekaiser
16.1%
Garen
Rugged Garen
15.4%
Miss Fortune
Cowgirl Miss Fortune
15.4%
Miss Fortune
Captain Fortune
15.4%
Dr. Mundo
El Macho Mundo
14.7%
Graves
Cutthroat Graves
14.7%
Hecarim
Worldbreaker Hecarim
14.7%
Kassadin
Pre-Void Kassadin
14.7%
Kassadin
Cosmic Reaver Kassadin
14.7%
Katarina
Sandstorm Katarina
14.7%
Lee Sin
Acolyte Lee Sin
14.7%
Lux
Sorceress Lux
14.7%
Malzahar
Djinn Malzahar
14.7%
Master Yi
Cosmic Blade Master Yi
14.7%
Garen
Dreadknight Garen
14.7%
Jax
God Staff Jax
14.3%
Gragas
Arctic Ops Gragas
14.3%
Jarvan IV
Dark Star Jarvan IV
14.3%
Kai'Sa
Bullet Angel Kai'Sa
14.3%
Corki
Dragonwing Corki
14%
Gragas
Hillbilly Gragas
14%
Janna
Frost Queen Janna
14%
Jarvan IV
Commando Jarvan IV
14%
Kennen
Arctic Ops Kennen
14%
Lee Sin
Dragon Fist Lee Sin
14%
Master Yi
Headhunter Master Yi
14%
Master Yi
Eternal Sword Yi
14%
Garen
Rogue Admiral Garen
13.3%
Jax
Temple Jax
13.3%
Jayce
Forsaken Jayce
13.3%
Katarina
Warring Kingdoms Katarina
13.3%
Kennen
Kennen M.D.
13.3%
Kennen
Super Kennen
13.3%
Kog'Maw
Monarch Kog'Maw
13.3%
Kog'Maw
Battlecast Kog'Maw
13.3%
Lee Sin
Traditional Lee Sin
13.3%
Maokai
Charred Maokai
13.3%
Maokai
Totemic Maokai
13.3%
Dr. Mundo
Rageborn Mundo
12.6%
Graves
Hired Gun Graves
12.6%
Irelia
Nightblade Irelia
12.6%
Jax
Warden Jax
12.6%
Karma
Sakura Karma
12.6%
Kayle
Aether Wing Kayle
12.6%
Lissandra
Bloodstone Lissandra
12.6%
Lulu
Dragon Trainer Lulu
12.6%
Master Yi
Chosen Master Yi
12.6%
Master Yi
Ionia Yi
12.6%
Mordekaiser
King of Clubs Mordekaiser
12.6%
Gragas
Gragas Caskbreaker
11.9%
Heimerdinger
Blast Zone Heimerdinger
11.9%
Heimerdinger
Piltover Customs Heimerdinger
11.9%
Kog'Maw
Jurassic Kog'Maw
11.9%
Lee Sin
Knockout Lee Sin
11.9%
Miss Fortune
Waterloo Miss Fortune
11.9%
Hecarim
Reaper Hecarim
11.2%
Jax
Nemesis Jax
11.2%
Karma
Warden Karma
11.2%
Katarina
High Command Katarina
11.2%
Kog'Maw
Lion Dance Kog'Maw
11.2%
LeBlanc
Prestigious LeBlanc
11.2%
Kennen
Karate Kennen
10.5%
Malphite
Glacial Malphite
10.5%
Malphite
Ironside Malphite
10.5%
Master Yi
Assassin Yi
10.5%
Jayce
Jayce Brighthammer
9.8%
Katarina
Mercenary Katarina
9.8%
LeBlanc
Wicked LeBlanc
9.8%
Master Yi
Samurai Yi
9.8%
Karthus
Statue of Karthus
9.1%
Karthus
Grim Reaper Karthus
9.1%
Karthus
Karthus Lightsbane
9.1%
Lulu
Wicked Lulu
9.1%
Kassadin
Harbinger Kassadin
8.4%
Kayn
Soulhunter Kayn
8.4%
Lissandra
Blade Queen Lissandra
8.4%
Malzahar
Shadow Prince Malzahar
8.4%
Mordekaiser
Lord Mordekaiser
8.4%
Morgana
Ghost Bride Morgana
8.4%
Jax
Jaximus
7.7%
Leona
Iron Solari Leona
7.7%
Leona
Barbecue Leona
7.7%
Malzahar
Overlord Malzahar
7.7%
Miss Fortune
Gun Goddess Miss Fortune
7.1%
Jarvan IV
Darkforge Jarvan IV
7%
Mordekaiser
Infernal Mordekaiser
7%
Morgana
Blade Mistress Morgana
7%
Kayle
Iron Inquisitor Kayle
6.3%
Morgana
Blackthorn Morgana
6.3%
Kayle
Viridian Kayle
5.6%
Kayle
Battleborn Kayle
4.9%
Quiz Playlist
Details
Report
Send in Message
Add To Playlist
Classic:
Type in answers that appear in a list
Last Updated: May 2, 2018
Quiz Scoreboard
CHALLENGE
Sign Up to Join the Scoreboard
Show All
Scores
Hide
Comments
May contain spoilers
Recently Published
Movies - When Are They Set?
by FPL_Elf
Movies
5m
Popular People in 1961
by mucciniale
History
6m
1-10 Letter E Words III
by El_Dandy
Language
2m
More to Explore
Quiz From the Vault
Featured Blog Post
Where Did the Easter Bunny Come From?
hide this ad
You Might Also Like...
Tags
Video Games Quiz
Available
champion
Exact
League
League of Legends
legend
Recognize
Single
skin
Today's Top Quizzes in Gaming
Browse Gaming
hide this ad
Today's Top Quizzes in Video Games
Browse Video Games
Top Contributed Quizzes in Gaming
1
Destiny 2 exotic weapons by perk icons
2
Who's on the WWE 2K24 Cover?
3
Windmill: Pokémon
4
Overwatch 2 Heroes by Selection Quote
5
Genshin murder mystery
6
Overwatch 2: Ultimate Ability Icons
7
Franchise by Action Figure
8
Legendary or Exotic?
9
Genshin Impact Logic Puzzle
10
Genshin Impact Logic Puzzle Quiz
Explore More
Trending Topics
NBA
Anime
Harry Potter
Marvel
Disney
Crossword
Kpop
NFL
Puzzle
Soccer
Pokémon
WWE
Country
Song
The Office
hide this ad
More By:
themoltenbanana
Quiz
Plays
Rating
Category
Featured
Created
League of Legends - Guess the champion by their passive
377
Gaming
May 17, 2018
Best Soccer players in the world
167
1.00
Sports
Nov 29, 2016
Hearthstone - Expansion Legendaries By Quote
161
5.00
Gaming
Dec 3, 2016
Can you recognize every skin in League of Legends? 1
143
Gaming
Nov 16, 2017
Hearthstone - Expansion Legendary Cards
107
5.00
Gaming
Nov 28, 2016
Go to Creator's Profile
Score Distribution
Quiz Creator Spotlight
themoltenbanana
Follow
Send a Message
Quizzes Created
-
Created Quiz Play Count
-
More By This Creator
Popular Quizzes Today
1
Find the US States - No Outlines Minefield
2
Find the Countries of Europe - No Outlines Minefield
3
The Countries of the World
4
Popular People in 1961
5
1-10 Letter E Words III
6
US States
7
Find the US States
8
One Thing in Common: World Cities II
More Gaming Quizzes
Mastermind XXIII
Published
Trending Quizzes
Risky Map Clicking: Least Populous States A-Z
1-10 Letter F Words
Humor Books: The Subtitles
1-10 Letter G Words
One Thing in Common: United Kingdom
Recently Updated
Leaping Animals
pecheneg
Reality TV Shows (A-Z)
bhenderson79
Rickey Henderson's Hall of Fame Teammates
pecheneg
Champions League XIs: Arsenal
pecheneg
Quick Pick: Celebrities in WWE's Hall of Fame
aduchscher
A-Z Keypad Blitz II
pecheneg
Multiple Oscar Actors
pecheneg
Mystery Phrase Blitz: Oscar 'Best Actors'
pecheneg
F. Scott Fitzgerald Novels
LTH
Pick 3 Villains
ddd62291
Trending Topics
Marvel
Harry Potter
Crossword
Anime
Kpop
Disney
NBA
Song
NFL
Soccer
The Office
Pokémon
Country
WWE
Puzzle
Your Account Isn't Verified!
In order to create a playlist on Sporcle, you need to verify the email address you used during registration. Go to your
Sporcle Settings
to finish the process.
Report this User
Report this user for behavior that violates our
Community Guidelines
.
Details:
Send Report
Go to the Sporcle.com Mobile Site →
Comments